000
00318 a2200157 4500
001
154566
040
_c
Escola São Tomás de Aquino
100
_a
LIMA, Beatriz
240
1
0
_a
Saber Viver
_l
por
245
1
0
_a
Saber Viver
300
_a
56
362
0
_a
2007
440
1
_a
FTD
697
_a
RELIGIÃO
942
_c
BK
999
_c
154566
_d
154566